| 000 | 00459pab a2200169 454500 | ||
|---|---|---|---|
| 008 | 180718b1995 xxu||||| |||| 00| 0 eng d | ||
| 100 | _aAthukorala, Premchandra | ||
| 245 | _aEconomic reforms and rate of saving in India | ||
| 260 | _c1995 | ||
| 300 | _ap.2184-190 | ||
| 362 | _a2 Sep | ||
| 650 | _aIndia - Economic policy | ||
| 650 | _aSaving and investment - India | ||
| 700 | _aSen, Kunal | ||
| 773 | _aEconomic and Political Weekly | ||
| 909 | _a29434 | ||
| 999 |
_c29434 _d29434 |
||